• 首页
  • 本馆介绍
  • 公告通知
  • 最新文献
  • 馆藏检索
  • 电子资源
  • 读者导购
  • 参考咨询
  • 我的图书馆
  • 登录
  • 详细信息显示
  • 放入我的书架
  • 预约/预借图书
  • 作者相关作品
  • 分类相关作品
  • 丛书相关作品
  • 出版社相关作品

书目信息

  • 表格格式
  • 工作单格式
  • 卡片格式
题名:
一级注册建筑师考试历年真题与解析
    
 
作者: 曹纬浚 主编 ;注册建筑师考试教材编委会 编
分册: 第一分册   设计前期 场地与建筑设计 (知识)
出版信息: 北京   中国建筑工业出版社  2016.12
页数: 12, 546页
开本: 26cm
丛书名: 执业资格考试丛书
单 册:
中图分类: TU-44 , TU2-44
科图分类:
主题词: 建筑师--jian zhu shi--资格考试--题解 , 建筑设计--jian zhu she ji--资格考试--题解
电子资源:
ISBN: 978-7-112-20021-4
000 01487nam 2200349 450
001 CAL 008263633
005 20171211151958.68
010    @a978-7-112-20021-4@b@dCNY86.00
100    @a20170327d2016 em y0chiy50 ea
101 0  @achi
102    @aCN@b110000
105    @aak q 000yy
106    @ar
200 1  @a一级注册建筑师考试历年真题与解析@Ayi ji zhu ce jian zhu shi kao shi li nian zhen ti yu jie xi@h第一分册@i设计前期 场地与建筑设计 (知识)@f《注册建筑师考试教材》编委会编@g曹纬浚主编
205    @a第11版
210    @a北京@c中国建筑工业出版社@d2016.12
215    @a12, 546页@c图@d26cm
225 2  @a执业资格考试丛书@Azhi ye zi ge kao shi cong shu@e2017
225 2  @a一、二级注册建筑师考试丛书@Ayi 、 er ji zhu ce jian zhu shi kao shi cong shu@e2017
330    @a本书内容包括: 设计前期工作、场地设计知识、建筑设计原理、中国古代建筑史、外国建筑史、城市规划基础知识等。
410  0 @12001 @a执业资格考试丛书 (2017)
410  0 @12001 @a一、二级注册建筑师考试丛书 (2017)
517 1  @a设计前期 场地与建筑设计 (知识)@Ashe ji qian qi chang di yu jian zhu she ji ( zhi shi )
606 0  @a建筑师@Ajian zhu shi@x资格考试@j题解
606 0  @a建筑设计@Ajian zhu she ji@x资格考试@j题解
690    @aTU-44@v5
690    @aTU2-44@v5
701  0 @a曹纬浚@Acao wei jun@4主编
712 02 @a注册建筑师考试教材编委会@Azhu ce jian zhu shi kao shi jiao cai bian wei hui@4编
801  0 @aCN@b人天书店@c20170327@g
905    @aBZT@dTU-44@e12-1=11
906    @dCNY86.00@n3@r1
    
    一级注册建筑师考试历年真题与解析.第一分册.设计前期 场地与建筑设计 (知识)/《注册建筑师考试教材》编委会编/曹纬浚主编.-第11版.-北京:中国建筑工业出版社,2016.12
    12, 546页:图;26cm.-(执业资格考试丛书:2017).-(一、二级注册建筑师考试丛书:2017)
    
    
    ISBN 978-7-112-20021-4:CNY86.00
    本书内容包括: 设计前期工作、场地设计知识、建筑设计原理、中国古代建筑史、外国建筑史、城市规划基础知识等。
●
相关链接 在五车中查询图书 在当当中查询图书 在豆瓣中查询图书


正题名:一级注册建筑师考试历年真题与解析     索取号:TU-44/12-1=11         预约/预借

序号 登录号 条形码 馆藏地/架位号 状态 备注
1 840782   2000840782   第二书库/ [索取号:TU-44/12-1=11] 在馆    
2 840783   2000840783   第二书库/ [索取号:TU-44/12-1=11] 在馆    
山东省滨州职业学院图书馆 欢迎您!
大连网信软件有限公司© 版权所有